00860nam a2200217 i 4500001000300000245013300003250001200136260005800148300004800206500003300254650002400287655002800311710009200339022001300431040000800444041000800452044000800460080003500468008004100503856009800544bg00aLeśnictwo 2007c[Główny Urząd Statystyczny, Departament Statystyki Rolnictwa i Środowiska].h[Dokument elektroniczny] / aWyd. 3. aWarszawa :bZakład Wydawnictw Statystycznych,c2007. a1 dysk optyczny (CD-ROM) :bkolor ;c12 cm. aTytuł z ekranu tytułowego. 9aLeśnictwozPolska aDokumenty elektroniczne1 aPolskabGłówny Urząd Statystyczny. Departament Statystyki Rolnictwa i Środowiska a18952666 cBPK0 apol aPOL a630(438)(083.41)(05)(0.034.44) s pl f |000 0 pol  uhttp://koha.tu.koszalin.pl/cgi-bin/koha/opac-detail.pl?biblionumber=41168yKatalog online BPK